000 01844nam a2200253Ia 4500
008 260220t1970||||xx |||||||||||||| ||spa||
040 _aPY-SlUNAC
_bspa
_erda
041 _aspa
082 _a912
_bK575a
100 _aKinder, Herman
_eAutor
245 0 _aAtlas histórico mundial I de los orígenes a la revolución Francesa /
_cpor Herman Kinder [Autor] y Werner Hilgemann [Autor]
264 _aMadrid :
_bIstmo,
_c℗1970.
300 _a1 volumen
520 _aEl "Atlas histórico mundial I: de los orígenes a la Revolución Francesa" de Herman Kinder es una obra fundamental que ofrece una visión panorámica de la historia global desde sus inicios hasta la irrupción de la Revolución Francesa. A través de mapas y gráficos ilustrativos, el autor contextualiza eventos clave y procesos históricos, proporcionando un enfoque integral que abarca civilizaciones antiguas, el desarrollo de imperios, y los cambios sociales y culturales que marcaron la evolución de la humanidad. Kinder destaca la interconexión entre diferentes regiones y culturas, enfatizando cómo las interacciones comerciales, bélicas y diplomáticas moldearon el mundo. El atlas no solo es una herramienta visual, sino que también incluye explicaciones detalladas que enriquecen la comprensión del lector sobre el impacto de estos eventos en la historia posterior. Esta obra es indispensable para estudiantes y académicos que buscan una referencia clara y accesible sobre los hitos más significativos del desarrollo humano hasta el final del siglo XVIII.
653 _aGeografía
653 _aHistoria
653 _aRevolución francesa
700 _aHilgemann, Werner
_eAutor
942 _b2026/02/17
_cBK
999 _c9418
_d9418